| 000 | 01114 a2200265 4500 | ||
|---|---|---|---|
| 020 | _a0471197483 | ||
| 040 |
_aDLC _bDLC |
||
| 082 | 0 | 0 | _a621.3015152433 |
| 100 | 1 | _aGoswami, Jaideva C. | |
| 245 | 1 | 0 |
_aFundamentals of wavelets : theory, algorithms, and applications _cJaideva C. Goswami, Andrew K. Chan. |
| 260 |
_aNew York : _bWiley, _cc1999. |
||
| 300 |
_axvi, 306 p. : _bill. ; _c24 cm. |
||
| 440 | 0 | _aWiley series in microwave and optical engineering | |
| 500 | _a"A Wiley-Interscience publication." | ||
| 650 | 0 |
_aSignal processing _xMathematics. |
|
| 650 | 0 | _aWavelets (Mathematics) | |
| 650 | 0 |
_aImage processing _xMathematics. |
|
| 650 | 0 |
_aElectromagnetic waves _xScattering _xMathematical models. |
|
| 650 | 0 | _aBoundary value problems. | |
| 700 | 1 | _aChan, Andrew K. | |
| 856 | 4 | 2 |
_3Contributor biographical information _uhttp://www.loc.gov/catdir/bios/wiley041/98026348.html |
| 856 | 4 | 2 |
_3Publisher description _uhttp://www.loc.gov/catdir/description/wiley033/98026348.html |
| 856 | 4 | 2 |
_3Table of Contents _uhttp://www.loc.gov/catdir/toc/onix03/98026348.html |
| 942 |
_cBK _k621.3015152433 GOS _2ddc |
||
| 999 |
_c7847 _d7847 |
||